Adobe photoshop : ImageReady CS

Guardado en:
Detalles Bibliográficos
Autor principal: Nguyễn, Việt Dũng
Formato: Libro
Lenguaje:Undetermined
Publicado: Hà Nội Thống Kê 2004
Materias:
Etiquetas: Agregar Etiqueta
Sin Etiquetas, Sea el primero en etiquetar este registro!
Thư viện lưu trữ: Trung tâm Học liệu Trường Đại học Cần Thơ
LEADER 00626nam a2200205Ia 4500
001 CTU_74659
008 210402s9999 xx 000 0 und d
020 |b 116000 
082 |a 006.68 
082 |b D513/T.1 
100 |a Nguyễn, Việt Dũng 
245 0 |a Adobe photoshop : 
245 0 |b ImageReady CS 
245 0 |c Nguyễn Việt Dũng chủ biên ; Nguyễn Vân Dung, Hoàng Đức Hải 
260 |a Hà Nội 
260 |b Thống Kê 
260 |c 2004 
650 |a Adobe photoshop (computer programs) 
904 |i Tuyến 
980 |a Trung tâm Học liệu Trường Đại học Cần Thơ